[Event "ISR-chT 1011"]
[White "Porat, David"]
[Black "Golod, Vitali"]
[Site "Israel"]
[Round "1.5"]
[Result "0-1"]
[Date "2010.12.24"]
[WhiteElo "2255"]
[BlackElo "2592"]
[PlyCount "92"]
[EventDate "2010.12.24"]
[EventType "team-tourn"]
[EventRounds "11"]
[EventCountry "ISR"]
[SourceTitle "EXT 2012"]
[Source "ChessBase"]
[SourceDate "2011.11.24"]
[SourceVersion "1"]
[SourceVersionDate "2011.11.24"]
[SourceQuality "1"]
[WhiteTeam "Porat Mathematics"]
[BlackTeam "Ashdod"]
[WhiteTeamCountry "ISR"]
[BlackTeamCountry "ISR"]

1. d4 d5 2. c4 dxc4 3. Nf3 c6 4. g3 Nf6 5. Bg2 Nbd7 6. 0-0 Nb6 7. a4 a5 8. Qc2 g6 9. Nbd2 Nfd5 10. Nxc4 Nb4 11. Qc3 Nxc4 12. Qxc4 Be6 13. Qc3 Bg7 14. e4 0-0 15. Be3 Rc8 16. Qd2 Bg4 17. Rac1 Qd7 18. Ng5 h6 19. h3 Bh5 20. g4 Bxg4 21. hxg4 hxg5 22. Bxg5 Bxd4 23. Rfd1 Rfd8 24. Qe2 Qe6 25. Rd2 Qe5 26. Be3 Bxe3 27. Qxe3 Rxd2 28. Qxd2 g5 29. Rd1 Kg7 30. Qd7 Rb8 31. Rd2 Na6 32. Rc2 Nc5 33. Qd2 Ne6 34. Qe3 Rd8 35. Rd2 Rxd2 36. Qxd2 b6 37. b3 Nf4 38. Qe3 c5 39. Bf1 Qa1 40. e5 e6 41. f3 Qb2 42. Kh1 Qd4 43. Qxd4 cxd4 44. Kg1 d3 45. Kf2 d2 46. Be2 Nd5 0-1

[Event "ISR-chT 0809"]
[White "Porat, David"]
[Black "Gershkowich, David"]
[Site "Israel"]
[Round "11"]
[Result "1/2-1/2"]
[Date "2009.05.22"]
[WhiteElo "2196"]
[BlackElo "2341"]
[PlyCount "144"]
[EventDate "2008.12.12"]
[EventType "team-tourn"]
[EventRounds "11"]
[EventCountry "ISR"]
[SourceTitle "EXT 2010"]
[Source "ChessBase"]
[SourceDate "2010.11.25"]
[SourceVersion "1"]
[SourceVersionDate "2010.11.25"]
[SourceQuality "1"]

1. d4 Nf6 2. c4 g6 3. Nc3 Bg7 4. e4 d6 5. Nf3 0-0 6. Be2 e5 7. dxe5 dxe5 8. Qxd8 Rxd8 9. Bg5 Re8 10. Nd5 Nxd5 11. cxd5 c6 12. Bc4 cxd5 13. Bxd5 Nc6 14. 0-0 Nb4 15. Bb3 Be6 16. Bxe6 Rxe6 17. Rfd1 h6 18. Bd2 Nc2 19. Rac1 Nd4 20. Kf1 Nxf3 21. gxf3 Rd8 22. Be3 Rxd1+ 23. Rxd1 Bf6 24. Rd7 Ra6 25. Rxb7 Rxa2 26. Bxa7 Ra1+ 27. Ke2 h5 28. b4 Ra2+ 29. Kf1 h4 30. Kg2 Bg5 31. Kf1 h3 32. b5 Rb2 33. b6 Bh4 34. Rb8+ Kg7 35. b7 Bg5 36. Be3 Be7 37. f4 Bd6 38. Re8 Rb1+ 39. Ke2 exf4 40. Bd4+ f6 41. Rd8 f3+ 42. Kxf3 Bxh2 43. Rd7+ Kh6 44. Kg4 Be5 45. Bxe5 fxe5 46. Kxh3 Kg5 47. Rf7 Kh5 48. Kg3 Rb3+ 49. f3 Rb2 50. Re7 Kg5 51. Rf7 Kh5 52. Re7 Kg5 53. Rxe5+ Kf6 54. Ra5 Rxb7 55. Ra6+ Kg7 56. Kg4 Rb4 57. Kg5 Rb5+ 58. Kf4 Rb4 59. Ke5 Rb5+ 60. Ke6 g5 61. Ra3 Kg6 62. Re3 Rb6+ 63. Ke7 Rb7+ 64. Kd6 Ra7 65. Rc3 Ra6+ 66. Rc6 Ra3 67. Ke5+ Kg7 68. Kf5 Rxf3+ 69. Kxg5 Kf7 70. e5 Ke7 71. Kg4 Rf1 72. Kg5 Rg1+ 1/2-1/2

[Event "ISR-chT 0809"]
[White "Kudischewitsch, David"]
[Black "Porat, David"]
[Site "Israel"]
[Round "7"]
[Result "0-1"]
[Date "2009.05.08"]
[WhiteElo "2343"]
[BlackElo "2196"]
[PlyCount "96"]
[EventDate "2008.12.12"]
[EventType "team-tourn"]
[EventRounds "11"]
[EventCountry "ISR"]
[SourceTitle "EXT 2010"]
[Source "ChessBase"]
[SourceDate "2010.11.25"]
[SourceVersion "1"]
[SourceVersionDate "2010.11.25"]
[SourceQuality "1"]

1. d4 d5 2. c4 e6 3. Nf3 Nf6 4. g3 Be7 5. Bg2 0-0 6. Qc2 b6 7. 0-0 Bb7 8. cxd5 exd5 9. Bf4 Na6 10. Ne5 c5 11. Nc3 Qc8 12. Rfd1 Rd8 13. Rac1 Qe6 14. a3 Rac8 15. Nb5 g5 16. Bxg5 cxd4 17. Qb1 Qxe5 18. Bf4 Qh5 19. Nxd4 Nc5 20. h3 Bf8 21. g4 Qg6 22. Nf5 Ne6 23. Bh6 Rxc1 24. Bxc1 Rd7 25. Rd3 h6 26. b4 d4 27. Bxb7 Rxb7 28. Kf1 Nd5 29. Qb3 Ne7 30. Rf3 Rc7 31. Bd2 Bg7 32. h4 Kh8 33. Nd6 Nd8 34. Ne8 Rd7 35. g5 h5 36. b5 Nd5 37. Nxg7 Kxg7 38. Qc4 Qe4 39. Qc8 Qxh4 40. Kg1 Qg4+ 41. Rg3 Qe6 42. Qc2 h4 43. Rg2 Qg6 44. Qc4 Ne6 45. e3 Qe4 46. g6 fxg6 47. Qc8 Rf7 48. Qe8 h3 0-1

[Event "Balatonlelle op"]
[White "Papp, Gabor"]
[Black "Porat, David"]
[Site "Balatonlelle"]
[Round "9"]
[Result "1-0"]
[Date "2006.06.25"]
[WhiteElo "2482"]
[BlackElo "2206"]
[PlyCount "153"]
[EventDate "2006.06.17"]
[EventType "swiss"]
[EventRounds "9"]
[EventCountry "HUN"]
[SourceTitle "CBM 112 Extra"]
[Source "ChessBase"]
[SourceDate "2006.07.14"]
[SourceVersion "1"]
[SourceVersionDate "2006.07.14"]
[SourceQuality "1"]

1. e4 c5 2. Nf3 d6 3. d4 cxd4 4. Nxd4 Nf6 5. Nc3 g6 6. Be3 Bg7 7. f3 0-0 8. Bc4 Nc6 9. Qd2 Bd7 10. 0-0-0 Rb8 11. Bb3 Na5 12. Bh6 Bxh6 13. Qxh6 b5 14. h4 b4 15. Nd5 e5 16. Nf5 Bxf5 17. exf5 Nxb3+ 18. axb3 Nxd5 19. Rxd5 Rb6 20. fxg6 fxg6 21. h5 Qf6 22. hxg6 Qxg6 23. Qd2 Rc8 24. Kb1 Rbc6 25. Rc1 Rb6 26. f4 exf4 27. Qxf4 Rf8 28. Qd2 h6 29. Rd4 a5 30. Rd5 a4 31. bxa4 b3 32. Qd3 bxc2+ 33. Rxc2 Qxd3 34. Rxd3 Rf4 35. a5 Ra6 36. Ra3 Rb4 37. Rc7 Rb5 38. Rg3+ Kf8 39. Rgg7 Rbxa5 40. Rh7 Kg8 41. Rxh6 Rg5 42. Re6 Kf8 43. Rf6+ Kg8 44. Rf2 Rb6 45. Ra7 d5 46. Ka2 Rbg6 47. Rc2 Kh8 48. Rc8+ Rg8 49. Rc3 R8g6 50. Rc8+ Rg8 51. Rcc7 R8g6 52. Rh7+ Kg8 53. Rhd7 Kh8 54. Ka3 Rxg2 55. Ra8+ Rg8 56. Rxg8+ Kxg8 57. Rxd5 Kf7 58. Re5 Kf6 59. Re1 Rg8 60. b4 Kf7 61. Ka4 Ra8+ 62. Kb5 Rb8+ 63. Kc5 Rc8+ 64. Kd6 Rb8 65. Rb1 Rd8+ 66. Kc7 Rd2 67. b5 Rc2+ 68. Kb7 Ke7 69. Rd1 Rb2 70. b6 Rc2 71. Kb8 Rb2 72. b7 Rc2 73. Rd4 Rc1 74. Ka7 Ra1+ 75. Kb6 Rb1+ 76. Kc6 Rb2 77. Rd5 1-0

[Event "Balatonlelle op"]
[White "Porat, David"]
[Black "Eperjesi, Laszlo"]
[Site "Balatonlelle"]
[Round "6"]
[Result "1-0"]
[Date "2006.06.22"]
[WhiteElo "2206"]
[BlackElo "2268"]
[PlyCount "61"]
[EventDate "2006.06.17"]
[EventType "swiss"]
[EventRounds "9"]
[EventCountry "HUN"]
[SourceTitle "CBM 112 Extra"]
[Source "ChessBase"]
[SourceDate "2006.07.14"]
[SourceVersion "1"]
[SourceVersionDate "2006.07.14"]
[SourceQuality "1"]

1. e4 c6 2. d4 d5 3. exd5 cxd5 4. c4 Nf6 5. Nc3 e6 6. Nf3 Bb4 7. cxd5 Nxd5 8. Bd2 Nc6 9. Bd3 0-0 10. 0-0 Be7 11. Qe2 Bf6 12. Rad1 b6 13. Qe4 g6 14. Bh6 Re8 15. Bc4 Nxc3 16. bxc3 Bb7 17. Qf4 Na5 18. Bb5 Bc6 19. Bxc6 Nxc6 20. Ne5 Rc8 21. Rd3 Qe7 22. Ng4 Bh8 23. Bg5 Qc7 24. Nh6+ Kf8 25. Qh4 f5 26. d5 exd5 27. Bf6 Re4 28. Qg5 Bg7 29. Nxf5 gxf5 30. Bxg7+ Ke8 31. Qxf5 1-0

[Event "Cappelle op 22nd"]
[White "Porat, David"]
[Black "Starostits, Ilmars"]
[Site "Cappelle la Grande"]
[Round "7"]
[Result "0-1"]
[Date "2006.02.23"]
[WhiteElo "2196"]
[BlackElo "2493"]
[PlyCount "51"]
[EventDate "2006.02.18"]
[EventType "swiss"]
[EventRounds "10"]
[EventCountry "FRA"]
[SourceTitle "CBM 110 Extra"]
[Source "ChessBase"]
[SourceDate "2006.03.10"]
[SourceVersion "2"]
[SourceVersionDate "2006.03.10"]
[SourceQuality "1"]

1. d4 Nf6 2. c4 e6 3. Nf3 b6 4. a3 c5 5. d5 Ba6 6. b3 exd5 7. cxd5 d6 8. Nc3 g6 9. e4 Bxf1 10. Kxf1 Bg7 11. Bb2 0-0 12. Qc2 Re8 13. Re1 a6 14. g3 Ra7 15. Kg2 Rae7 16. Nd2 b5 17. b4 Qc7 18. Qd3 Nbd7 19. f4 Nb6 20. bxc5 Qxc5 21. Ncb1 Ng4 22. Bxg7 Qf2+ 23. Kh3 Qxe1 24. Rf1 Qe3 25. Qd4 f5 26. Rf3 0-1

[Event "Budapest FS11 IM-B"]
[White "Porat, David"]
[Black "Rombaldoni, Denis"]
[Site "Budapest"]
[Round "9"]
[Result "0-1"]
[Date "2005.11.13"]
[WhiteElo "2199"]
[BlackElo "2316"]
[PlyCount "110"]
[EventDate "2005.11.05"]
[EventType "tourn"]
[EventRounds "13"]
[EventCountry "HUN"]
[EventCategory "1"]
[SourceTitle "EXT 2006"]
[Source "ChessBase"]
[SourceDate "2005.11.24"]
[SourceVersion "1"]
[SourceVersionDate "2005.11.24"]
[SourceQuality "1"]

1. d4 Nf6 2. c4 e6 3. g3 d5 4. Bg2 dxc4 5. Nf3 Bd7 6. 0-0 Bc6 7. Bg5 Be7 8. Qc2 b5 9. a4 a6 10. Nbd2 Nd5 11. Bxe7 Qxe7 12. e4 Nb4 13. Qc3 0-0 14. Ne5 Bb7 15. axb5 axb5 16. Rxa8 Bxa8 17. Ra1 N8c6 18. Nxc6 Nxc6 19. d5 Nb4 20. d6 Qxd6 21. e5 Qc5 22. Bxa8 Nd3 23. Ne4 Qxe5 24. Qxe5 Nxe5 25. f4 Nd3 26. b3 cxb3 27. Bc6 b2 28. Rb1 Rb8 29. Nc3 b4 30. Na4 f5 31. Nxb2 Nxb2 32. Rxb2 Rb6 33. Ba4 c5 34. Bb3 Kf7 35. Rc2 Rc6 36. g4 Ke7 37. g5 Kd6 38. Bc4 Kc7 39. Ra2 Rb6 40. Rd2 b3 41. Rb2 Rb4 42. Bxe6 c4 43. Kg2 Kd6 44. Bxf5 c3 45. Rf2 g6 46. Bb1 Rc4 47. Bd3 Rd4 48. Rf3 Kc5 49. f5 c2 50. fxg6 c1Q 51. gxh7 Qxg5+ 52. Rg3 Qd2+ 53. Kg1 Rxd3 54. h8Q Rxg3+ 55. hxg3 Qd4+ 0-1

[Event "Budapest FS11 IM-B"]
[White "Porat, David"]
[Black "Galyas, Miklos"]
[Site "Budapest"]
[Round "1"]
[Result "1-0"]
[Date "2005.11.05"]
[WhiteElo "2199"]
[BlackElo "2424"]
[PlyCount "115"]
[EventDate "2005.11.05"]
[EventType "tourn"]
[EventRounds "13"]
[EventCountry "HUN"]
[EventCategory "1"]
[SourceTitle "EXT 2006"]
[Source "ChessBase"]
[SourceDate "2005.11.24"]
[SourceVersion "1"]
[SourceVersionDate "2005.11.24"]
[SourceQuality "1"]

1. d4 Nf6 2. c4 g6 3. Nc3 Bg7 4. e4 d6 5. h3 0-0 6. Bg5 Na6 7. Bd3 e5 8. d5 Qe8 9. Nge2 Nd7 10. g4 Ndc5 11. Bc2 f5 12. gxf5 gxf5 13. Rg1 Qh5 14. exf5 Bxf5 15. Bxf5 Rxf5 16. Qd2 Kh8 17. Be3 Nb4 18. 0-0-0 Nxa2+ 19. Kb1 Nxc3+ 20. Nxc3 b6 21. Rg3 Rf3 22. Rdg1 Rxg3 23. Rxg3 Qf5+ 24. Qc2 e4 25. Bxc5 bxc5 26. Nxe4 Rb8 27. Nc3 Qf4 28. Qe2 Be5 29. Rf3 Qg5 30. Qd3 Qg7 31. Kc2 Re8 32. Re3 Rf8 33. Rf3 Re8 34. Re3 Qd7 35. Qe4 Rb8 36. Qd3 c6 37. dxc6 Qxc6 38. f4 Bg7 39. Re7 Qb6 40. Nb5 a6 41. Qxd6 Qxd6 42. Nxd6 Rxb2+ 43. Kc1 Rb8 44. Nf5 Bb2+ 45. Kc2 Ba1 46. Rc7 Kg8 47. Rxc5 Bf6 48. Rc6 Kf7 49. Rxa6 Rb2+ 50. Kd3 Rb3+ 51. Ke4 Rxh3 52. Nd6+ Kf8 53. Kf5 Bd4 54. Ke6 Bc5 55. Ra8+ Kg7 56. Nf5+ Kg6 57. Rg8+ Kh5 58. Rg5# 1-0

[Event "Budapest FS03 IM-B"]
[White "Porat, David"]
[Black "Fodor, Tamas Jr"]
[Site "Budapest"]
[Round "9"]
[Result "1-0"]
[Date "2005.03.13"]
[WhiteElo "2319"]
[BlackElo "2226"]
[PlyCount "43"]
[EventDate "2005.03.05"]
[EventType "tourn"]
[EventRounds "11"]
[EventCountry "HUN"]
[EventCategory "2"]
[SourceTitle "CBM 105 Extra"]
[Source "ChessBase"]
[SourceDate "2005.05.01"]
[SourceVersion "1"]
[SourceVersionDate "2005.05.01"]
[SourceQuality "1"]

1. d4 Nf6 2. c4 e6 3. Nc3 Bb4 4. e3 c5 5. Nf3 d6 6. Bd3 Nc6 7. Qc2 0-0 8. 0-0 Bxc3 9. bxc3 e5 10. d5 Ne7 11. Nd2 Ng6 12. f4 exf4 13. exf4 Re8 14. Nf3 Ng4 15. h3 Ne3 16. Bxe3 Rxe3 17. Qd2 Re8 18. f5 Ne5 19. Nxe5 Rxe5 20. f6 gxf6 21. Qh6 f5 22. Rf3 1-0

[Event "Budapest FS03 IM-B"]
[White "Lengyel, Bela"]
[Black "Porat, David"]
[Site "Budapest"]
[Round "8"]
[Result "1/2-1/2"]
[Date "2005.03.12"]
[WhiteElo "2313"]
[BlackElo "2319"]
[PlyCount "117"]
[EventDate "2005.03.05"]
[EventType "tourn"]
[EventRounds "11"]
[EventCountry "HUN"]
[EventCategory "2"]
[SourceTitle "CBM 105 Extra"]
[Source "ChessBase"]
[SourceDate "2005.05.01"]
[SourceVersion "1"]
[SourceVersionDate "2005.05.01"]
[SourceQuality "1"]

1. e4 c5 2. Nf3 d6 3. d4 cxd4 4. Nxd4 Nf6 5. Nc3 g6 6. Be2 Bg7 7. 0-0 Nc6 8. Nb3 0-0 9. Kh1 a6 10. Be3 b5 11. a4 b4 12. Nd5 Bb7 13. Nb6 Rb8 14. f3 a5 15. Bb5 Qc7 16. c4 bxc3 17. bxc3 Bc8 18. Nxc8 Rfxc8 19. Rc1 Nd7 20. Qd2 Nce5 21. c4 Nc5 22. Nxc5 dxc5 23. Rfd1 Rd8 24. Qe2 e6 25. f4 Nd7 26. e5 Nb6 27. Qe1 Rxd1 28. Rxd1 Ra8 29. Bd2 Nc8 30. Bc3 Bf8 31. Rd7 Qb6 32. Qd2 Ne7 33. Rd6 Qc7 34. g4 Qb7+ 35. Qg2 Qxg2+ 36. Kxg2 g5 37. fxg5 Ng6 38. Kf3 Be7 39. Ke4 Bxg5 40. Rc6 Be7 41. Rc7 Bf8 42. h3 Kg7 43. Be1 Rd8 44. Rd7 Ra8 45. h4 Be7 46. h5 Bh4 47. Bd2 Nf8 48. Rc7 Bf2 49. Bg5 h6 50. Bf6+ Kg8 51. Kf3 Bd4 52. Bc6 Rb8 53. Be4 Rb3+ 54. Kg2 Re3 55. Bg6 Nxg6 56. hxg6 fxg6 57. Rc8+ Kf7 58. Rc7+ Kg8 59. Rc8+ 1/2-1/2

[Event "Budapest FS03 IM-B"]
[White "Dencsi, Tibor"]
[Black "Porat, David"]
[Site "Budapest"]
[Round "5"]
[Result "1/2-1/2"]
[Date "2005.03.09"]
[WhiteElo "2300"]
[BlackElo "2319"]
[PlyCount "97"]
[EventDate "2005.03.05"]
[EventType "tourn"]
[EventRounds "11"]
[EventCountry "HUN"]
[EventCategory "2"]
[SourceTitle "CBM 105 Extra"]
[Source "ChessBase"]
[SourceDate "2005.05.01"]
[SourceVersion "1"]
[SourceVersionDate "2005.05.01"]
[SourceQuality "1"]

1. e4 c5 2. Nf3 d6 3. d4 cxd4 4. Nxd4 Nf6 5. Nc3 g6 6. Be3 Bg7 7. f3 0-0 8. Qd2 Nc6 9. 0-0-0 d5 10. Qe1 e5 11. Nxc6 bxc6 12. exd5 Nxd5 13. Bc4 Be6 14. Ne4 Qc7 15. Bc5 Rfd8 16. g4 Rab8 17. g5 a5 18. a4 h5 19. Qf2 Qb7 20. b3 Nf4 21. Rxd8+ Rxd8 22. Bb6 Ra8 23. Bxe6 Nxe6 24. Rd1 Nd4 25. Bxd4 exd4 26. Rxd4 Qe7 27. Qd2 Re8 28. Rd6 Qe5 29. c3 Qf5 30. Rd8 Rxd8 31. Qxd8+ Kh7 32. Nf6+ Bxf6 33. Qxf6 Qd7 34. Kc2 Kg8 35. h4 c5 36. Qf4 Qe6 37. Qe4 Qb6 38. f4 c4 39. Qe8+ Kg7 40. Qe5+ Kh7 41. bxc4 Qf2+ 42. Kb3 Qxh4 43. Qf6 Kg8 44. c5 Qh1 45. c6 Qd5+ 46. Kc2 Qg2+ 47. Kd1 Qd5+ 48. Ke2 h4 49. Ke1 1/2-1/2

[Event "Budapest FS03 IM-B"]
[White "Zakharchenko, Arnold"]
[Black "Porat, David"]
[Site "Budapest"]
[Round "3"]
[Result "1/2-1/2"]
[Date "2005.03.07"]
[WhiteElo "2292"]
[BlackElo "2319"]
[PlyCount "72"]
[EventDate "2005.03.05"]
[EventType "tourn"]
[EventRounds "11"]
[EventCountry "HUN"]
[EventCategory "2"]
[SourceTitle "CBM 105 Extra"]
[Source "ChessBase"]
[SourceDate "2005.05.01"]
[SourceVersion "1"]
[SourceVersionDate "2005.05.01"]
[SourceQuality "1"]

1. d4 Nf6 2. c4 g6 3. Nc3 d5 4. Nf3 Bg7 5. Qb3 dxc4 6. Qxc4 0-0 7. e4 Nc6 8. Be2 Bg4 9. Be3 Nd7 10. 0-0-0 Nb6 11. Qc5 Qd6 12. d5 Ne5 13. h3 Bxf3 14. gxf3 Ned7 15. Qxd6 cxd6 16. Nb5 Rfc8+ 17. Kb1 a6 18. Nd4 Nc4 19. Bc1 Rc7 20. b3 Ncb6 21. Be3 Nb8 22. Rc1 Rc8 23. Rc2 a5 24. Rhc1 Rd8 25. a4 N6d7 26. Kb2 Na6 27. Bb5 Ndb8 28. Bxa6 Nxa6 29. Rc4 Nc5 30. R1c2 Bxd4+ 31. Bxd4 b6 32. Be3 Rab8 33. R2c3 f6 34. f4 Rb7 35. f3 Rbd7 36. Ka3 Rb7 1/2-1/2

[Event "Budapest FS03 IM-B"]
[White "Martini, Balazs"]
[Black "Porat, David"]
[Site "Budapest"]
[Round "1"]
[Result "1-0"]
[Date "2005.03.05"]
[WhiteElo "2333"]
[BlackElo "2319"]
[PlyCount "111"]
[EventDate "2005.03.05"]
[EventType "tourn"]
[EventRounds "11"]
[EventCountry "HUN"]
[EventCategory "2"]
[SourceTitle "CBM 105 Extra"]
[Source "ChessBase"]
[SourceDate "2005.05.01"]
[SourceVersion "1"]
[SourceVersionDate "2005.05.01"]
[SourceQuality "1"]

1. d4 Nf6 2. Nf3 g6 3. Bf4 Bg7 4. e3 0-0 5. Be2 d6 6. h3 Re8 7. 0-0 Nbd7 8. c4 c5 9. Nc3 Qb6 10. Bh2 e5 11. dxe5 dxe5 12. Qc2 e4 13. Nd2 a6 14. Nb3 Qe6 15. Rfd1 Bf8 16. Nd5 Nxd5 17. cxd5 Qf6 18. Nd2 Qe7 19. d6 Qe6 20. Bc4 Qf6 21. Nxe4 Qf5 22. Bd3 b5 23. Nc3 Qe6 24. Be4 Ra7 25. Bd5 Qf5 26. e4 Qf6 27. Bc6 Re6 28. Nd5 Qd8 29. Nc7 Rxd6 30. Bxd6 Rxc7 31. Bxd7 Bxd7 32. Qd2 Bc6 33. Bxf8 Qxf8 34. Qd8 Qxd8 35. Rxd8+ Kg7 36. f3 c4 37. Kf2 b4 38. Ke3 Bb5 39. Rd4 Kf6 40. a4 Bd7 41. Rd6+ Be6 42. Rxa6 c3 43. bxc3 Rxc3+ 44. Kf4 b3 45. Rb6 h5 46. h4 Rc7 47. a5 Ra7 48. a6 Kg7 49. Rb7 b2 50. Rxb2 Bc4 51. Rb6 Kh6 52. g4 hxg4 53. fxg4 Kg7 54. e5 Kh6 55. Ra4 Be2 56. Rb2 1-0

[Event "Hoogeveen Essent op"]
[White "L'Ami, Erwin"]
[Black "Porat, David"]
[Site "Hoogeveen"]
[Round "9"]
[Result "1-0"]
[Date "2004.10.23"]
[WhiteElo "2516"]
[BlackElo "2280"]
[PlyCount "135"]
[EventDate "2004.10.15"]
[EventType "swiss"]
[EventRounds "9"]
[EventCountry "NED"]
[SourceTitle "CBM 102 Extra"]
[Source "ChessBase"]
[SourceDate "2004.11.03"]
[SourceVersion "1"]
[SourceVersionDate "2004.11.03"]
[SourceQuality "1"]

1. d4 d5 2. c4 e6 3. Nc3 Be7 4. Nf3 Nf6 5. Bg5 0-0 6. cxd5 exd5 7. e3 b6 8. Qa4 Bb7 9. Rd1 Nbd7 10. Ba6 Bxa6 11. Qxa6 c6 12. 0-0 Ne4 13. Bxe7 Qxe7 14. Rc1 Ndf6 15. Rc2 Rfe8 16. Rfc1 c5 17. Nxe4 Nxe4 18. dxc5 bxc5 19. Nd2 Nxd2 20. Rxd2 Rad8 21. Rcd1 Qd7 22. Qa5 Qc6 23. b4 cxb4 24. Qxb4 Rd7 25. h3 g6 26. Rd4 Red8 27. Qd2 f5 28. Qe2 Qe6 29. Qf3 Kg7 30. g4 fxg4 31. hxg4 g5 32. R1d2 Rd6 33. Qd1 Qe5 34. Qf3 R8d7 35. Kg2 Rf7 36. Qg3 Qe6 37. e4 Rfd7 38. f3 Rd8 39. exd5 Rxd5 40. Qc7+ R8d7 41. Qxd7+ Qxd7 42. Rxd5 Qa4 43. Rxg5+ Kf7 44. Rgd5 Qb4 45. R5d4 Qc3 46. Rd7+ Ke6 47. R7d3 Qb4 48. Rd4 Qc3 49. a4 a5 50. Re4+ Kf6 51. Rd6+ Kf7 52. Rd7+ Kf6 53. Rde7 h5 54. R4e6+ Kg5 55. Re5+ Kf6 56. R7e6+ Kf7 57. Re7+ Kf6 58. g5+ Kg6 59. R7e6+ Kg7 60. g6 h4 61. Rh5 Qc2+ 62. Kh3 Qc8 63. Rh7+ Kg8 64. Rhe7 Qc1 65. Kg4 Qc5 66. Re5 Qf2 67. Rf5 Qd4+ 68. Kh5 1-0

[Event "EU-ch U18"]
[White "Cappai, Davide"]
[Black "Porat, David"]
[Site "Urgup"]
[Round "1"]
[Result "1-0"]
[Date "2004.07.??"]
[WhiteElo "2132"]
[BlackElo "2323"]
[PlyCount "59"]
[EventDate "2004.08.??"]
[EventType "swiss"]
[EventRounds "9"]
[EventCountry "TUR"]
[SourceTitle "EXT 2005"]
[Source "ChessBase"]
[SourceDate "2004.11.15"]
[SourceVersion "1"]
[SourceVersionDate "2004.11.15"]
[SourceQuality "1"]

1. e4 c5 2. Nf3 d6 3. d4 cxd4 4. Nxd4 Nf6 5. Nc3 g6 6. Be2 Bg7 7. Be3 0-0 8. h3 Nc6 9. Qd2 Bd7 10. g4 Qa5 11. Nb3 Qc7 12. g5 Ne8 13. Nd5 Qd8 14. c3 e6 15. Nf4 Ne5 16. h4 b5 17. Bd4 Bc6 18. Qc2 Qe7 19. Na5 Bd7 20. Ng2 Nc6 21. Bxg7 Nxg7 22. Nb3 Rac8 23. Rd1 d5 24. Ne3 dxe4 25. Qxe4 a6 26. Ng4 Kh8 27. Nf6 Nb8 28. h5 Bc6 29. hxg6 h5 30. Rxh5+ 1-0

[Event "EU-ch U18"]
[White "Porat, David"]
[Black "Iotov, Valentin"]
[Site "Urgup"]
[Round "6"]
[Result "0-1"]
[Date "2004.07.??"]
[WhiteElo "2323"]
[BlackElo "2417"]
[PlyCount "68"]
[EventDate "2004.08.??"]
[EventType "swiss"]
[EventRounds "9"]
[EventCountry "TUR"]
[SourceTitle "EXT 2005"]
[Source "ChessBase"]
[SourceDate "2004.11.15"]
[SourceVersion "1"]
[SourceVersionDate "2004.11.15"]
[SourceQuality "1"]

1. d4 Nf6 2. c4 e6 3. Nf3 b6 4. Nc3 Bb7 5. a3 d5 6. Bg5 Be7 7. Qa4+ c6 8. cxd5 Nxd5 9. Bxe7 Qxe7 10. Nxd5 exd5 11. e3 0-0 12. Bd3 Nd7 13. 0-0 c5 14. Ba6 Bxa6 15. Qxa6 c4 16. Rfe1 Qd6 17. Rac1 Nb8 18. Qa4 a6 19. e4 dxe4 20. Rxe4 b5 21. Qc2 Nc6 22. Rce1 Rad8 23. Qc3 Qd5 24. h3 h6 25. Qc2 Qf5 26. Qc3 Qd5 27. Qc2 Rd6 28. Re8 Nxd4 29. Nxd4 Qxd4 30. Rxf8+ Kxf8 31. Qf5 g6 32. Qc8+ Kg7 33. Re8 Qxb2 34. Rh8 Qc1+ 0-1

[Event "Monarch Assurance 12th"]
[White "Porat, David"]
[Black "Pert, Richard G"]
[Site "Port Erin"]
[Round "9"]
[Result "0-1"]
[Date "2003.09.05"]
[WhiteElo "2235"]
[BlackElo "2380"]
[PlyCount "76"]
[EventDate "2003.09.27"]
[EventType "swiss"]
[EventRounds "9"]
[EventCountry "IOM"]
[SourceTitle "CBM 096 Extra"]
[Source "ChessBase"]
[SourceDate "2003.10.22"]
[SourceVersion "2"]
[SourceVersionDate "2003.10.20"]
[SourceQuality "1"]

1. d4 e6 2. c4 f5 3. g3 Nf6 4. Bg2 Be7 5. Nf3 0-0 6. 0-0 d6 7. b3 Ne4 8. Bb2 Bf6 9. Nbd2 Nc6 10. Rb1 a5 11. a3 Nxd2 12. Qxd2 e5 13. d5 Nb8 14. Qc2 Na6 15. Nd2 Qe8 16. f3 Bg5 17. Qc3 Nc5 18. Rfd1 Bxd2 19. Rxd2 f4 20. gxf4 Rxf4 21. e4 Qh5 22. Kh1 Rh4 23. Bf1 Bd7 24. b4 Na4 25. Qe3 Rf4 26. Be2 axb4 27. axb4 Nxb2 28. Rdxb2 Qh3 29. Rg1 Bg4 30. Rb3 Bh5 31. Ra3 Rxa3 32. Qxa3 Bxf3+ 33. Bxf3 Rxf3 34. Qa4 Rf8 35. Qc2 Rf4 36. Qe2 Qh4 37. Qg2 g6 38. c5 Rf2 0-1